000 00485cam a22001577a 4500
008 180718b2006 xxu||||| |||| 00| 0 eng d
082 _aT8203x54 G959
100 _aGupta, S.V.
245 _aA treatise on standards of weights & measures
_cBy S.V. Gupta
250 _a5th ed.
260 _aDelhi
_bCommercial Law
_c2006
300 _a728p.
650 _aIndia
650 _aWeights and measures -- Law and legislation
650 _aWeights and measures -- Law and legislation -- India
999 _c502960
_d502960